000 01954 a2200217 4500
001 16009
005 20260407155453.0
008 260407a1986 arg spa d
003 AR-UNSa-BCEJYS
040 _aAR-UNSa-BCEJYS
_bspa
_cAR-UNSa-BCEJYS
080 _a342
_xDerecho constitucional (Derecho Público)
245 1 0 _aDerecho constitucional
020 _a950-43-0551-2
250 _a3a. ed.
264 1 _aBuenos Aires :
_bEdiciones Depalma
_c1986
300 _axxxii, 829 p.
_c23 cm.
505 _a1. La Constitución - 2. Antecedentes de la Constitución Argentina - 3. Nombres de la Nación - 4. El Preámbulo - 5. Formas de estado y formas de gobierno - 6. Provincias y territorios - 7. La capital de la república - 8. Relaciones internacionales - 9. Relaciones de la Iglesia con el estado - 10. Supremacia de la constitución - 11. La nacionalidad - 12. Los extranjeros - 13. Derechos de las personas - 14. Derecho de las personas. La libertad - 15. Derechos de las personas. La igualdad - 16. Derechos civiles - 17. Los derechos sociales. Concepto - 18. Derechos de familia - 19. Derechos de la educación y la cultura - 20. Derechos de la profesión y de la seguridad social - 21. Derechos políticos - 22. Defensa de la Patria y la Constitución - 23. Garantía de derechos - 24. Restricción de derechos. Estado de sitio - 25. Organización económica. Principios fundamentales - 26. Organización económica. La propiedad - 27. Organización económica. Regulación estatal - 28. Organización económica. El estado empresario - 29. Organización económica. Régimen bancario y de la moneda - 30. División de poderes - 31. Poder Legislativo - 32. Juicio Político - 33. Formación de las Leyes - 34. Atribuciones del congreso - 35. Poder Ejecutivo. Organización - 36. Atribuciones del Poder Ejecutivo - 37. El ministerio - 38. Poder Judicial
942 _cBK
590 _aniveau_biblio:m niveau_hierar:0
100 1 _aRamella, Pablo A.
999 _c681
_d681